| 000 | 01713nam a22004097a 4500 | ||
|---|---|---|---|
| 003 | CHAP | ||
| 005 | 20220329143810.0 | ||
| 008 | 110905s2011 mx r 00010 spa d | ||
| 010 | _a102021 | ||
| 011 | _a102993 | ||
| 035 | _a113682 | ||
| 040 | _cCHAP | ||
| 090 | _aTesis | ||
| 100 | 1 |
_aRoldán Néstor, Ofelia. _999428 |
|
| 245 | 1 | 0 |
_aEvaluación del efecto de programas de manejo del moho gris (Botrytis cinerea Pers.) en precosecha en la incidencia en poscosecha en zarzamora en el Estado de Michoacán _h[En línea] _c/por Ofelia Roldán Néstor |
| 260 |
_aChapingo, Méx. : _bEl autor, _c2011 |
||
| 500 | _aPara ver el contenido del material haga clic en la liga | ||
| 502 | _aTesis( M.C. en Protección Vegetal) -- UACH. Departamento de Parasitología Agricola | ||
| 590 |
_aALEPH _b10 _c20130110 _lUCH01 _h1542 |
||
| 590 |
_aBATCH-UPD _b10 _c20130110 _lUCH01 _h0936 |
||
| 590 |
_aBATCH-UPD _b10 _c20130410 _lUCH01 _h0554 |
||
| 590 |
_aBATCH-UPD _b10 _c20130914 _lUCH01 _h0747 |
||
| 590 |
_aBATCH-UPD _b10 _c20140324 _lUCH01 _h1527 |
||
| 590 |
_aBATCH-UPD _b10 _c20141002 _lUCH01 _h0850 |
||
| 590 |
_aCONVERSION _b10 _c20130109 _lUCH01 _h1356 |
||
| 650 | 1 | 4 |
_aBotrytis cinerea. _914705 |
| 650 | 1 | 4 |
_aManejo integrado de enfermedades. _970364 |
| 650 | 1 | 4 |
_aMohos. _977290 |
| 650 | 1 | 4 |
_aZarzamora _xEnfermedades por hongos. _9123735 |
| 650 | 1 | 4 |
_aZarzamora _xMichoacán. _9123740 |
| 650 | 1 | 4 |
_aZarzamora _xTecnologia postcosecha. _9123747 |
| 856 |
_3Finding aid _uhttp://10.13.5.2/tesis/113682.pdf _zTeclea aqui |
||
| 901 | _aBK | ||
| 942 | _cFOLL | ||
| 949 |
_aTesis _bBC _cTES _d33724002302314 _eTS1 _gDonaciØn _h52672 _i113682 _st |
||
| 949 |
_aTesis _bBC _cTES _d33724002302355 _eTS2 _fc.2 _gDonaciØn _h52673 _i113682 _st |
||
| 999 |
_c102021 _d102021 |
||